Na cidade (Registo nº 6021)
[ vista simples ]
| 000 -Etiqueta do registo | |
|---|---|
| Valores | 00828nam a2200193 4500 |
| 010 ## - Número ISBN | |
| ISBN | 9789720716927 |
| 100 ## - Dados gerais de processamento | |
| Dados gerais | 20250929d2005 u||y0pory50 ba |
| 200 ## - Titulo e menção de responsabilidade | |
| Título próprio | Na cidade |
| 210 ## - Publicação | |
| Local de publicação | Porto |
| Nome do editor | Porto Editora |
| Data de publicação | 2005 |
| 215 ## - Descrição física | |
| Paginação / Volumes | [12] p. |
| Outras indicações físicas | il. |
| 225 ## - Colecção | |
| Título próprio da colecção | Maquinices |
| 330 ## - Sumário ou Resumo | |
| Texto da nota | Destinada a crianças com idade a partir dos três anos, esta colecção vai despertar o interesse dos mais novos pelo mundo dos transportes e das máquinas.<br/><br/>Ao virar de cada página, o pequeno leitor vai descobrir pormenores escondidos, que inesperadamente ganham movimento.<br/><br/>É a descoberta do mundo através da leitura aliada à interactividade |
| 606 ## - Nome comum usado como assunto | |
| ID Autoridade | 3236 |
| Palavra de ordem | Publicações para crianças e jovens |
| 675 ## - CDU | |
| Notação | 087.5 |
| Edição | BN |
| Língua | por |
| 801 ## - Fonte de origem | |
| País | PT |
| Agência | BEN2VN |
| Regras de catalogação | RPC |
| 830 ## - Notas gerais do catalogador | |
| Criado por | Tânia Croca |
| Data de criação | 29/09/2025 |
| 990 ## - Elementos KOHA | |
| Tipo de documento | Livro |
| Situação do levantamento | Biblioteca de origem | Código de barras | Cota | Permissão de empréstimo | Tipo de documento | Forma de aquisição |
|---|---|---|---|---|---|---|
| Biblioteca Municipal de Vendas Novas | 100000000775 | LI EST/CID | Livro |